000 00587nam a2200169 4500
001 121611
003 ES-MaACL
005 20230906191802.0
007 t|
008 070214s1953 sp r ||||1| spa d
100 1 _aPlata Gutiérrez, José.
_992589
245 1 3 _aLa memoria topográfica en los anormales mentales /
_cJosé Plata Gutiérrez.
260 _aMadrid :
_b[s. n.],
_c1953.
300 _a14 p. :
_bil. ;
_c25 cm.
500 _aEs separata de: Revista de Psicología General y Aplicada, v. VII, nº 27, julio-septiembre, p. 400-423.
852 _aES-MaACL
_j1961-F-9
_bR.35638
999 _c121611
_d121611